000 005370000a22002050004500
003 LK-CoMWRAF
005 20230915114749.0
008 230817t1996 ||||| |||| 00| 0 eng d
020 _a9960717003
040 _aLK-CoMWRAF
_dLK-CoMWRAF
_eLK-CoMWRAF
041 _aeng
082 _a297
_bDEL
245 _aThe Delight of faith
260 _aLahore :
_bDarussalam,
_c1996
300 _a117p
650 _aIslam
700 _aAl-Jarullah, Abdullah Bin Jarullah
_ecomp.
700 _aZarabozo, Jamaai Al- Din Modh
_etrans.
942 _cBK
999 _c1077
_d1077